[Event "Paracin 2023"]
[Site "Paracin, Serbia"]
[Date "2023.07.12"]
[Round "6.1"]
[White "Uskov, Artem"]
[Black "Gundavaa, Bayarsaikhan"]
[Result "0-1"]
[WhiteElo "2371"]
[BlackElo "2510"]
[PlyCount "106"]
[EventDate "2023.??.??"]

1. e4 e5 2. Nf3 Nc6 3. Bb5 a6 4. Ba4 Nf6 5. O-O Be7 6. Re1 b5 7. Bb3 d6 8. c3
O-O 9. h3 Nb8 10. d4 Nbd7 11. Nbd2 Bb7 12. Bc2 Re8 13. Nf1 Bf8 14. Ng3 g6 15.
b3 c6 16. Bb2 Bg7 17. Qd2 Qc7 18. Rad1 Rad8 19. Bb1 Nb6 20. Qc1 Nfd7 21. Nf1 c5
22. d5 c4 23. b4 Na4 24. Ba3 Ndb6 25. g4 Bc8 26. Ne3 f6 27. Qc2 Bh6 28. Bc1 Bf4
29. Nf1 Bxc1 30. Qxc1 Kh8 31. Ng3 Rg8 32. Kh2 Rdf8 33. Rg1 Qd7 34. Ne2 h5 35.
Qh6+ Qh7 36. Qxh7+ Kxh7 37. Nh4 hxg4 38. hxg4 Kg7 39. Kg3 Rh8 40. Rh1 Nb2 41.
Rd2 Nd3 42. Bxd3 cxd3 43. Rxd3 f5 44. f3 f4+ 45. Kf2 Rh6 46. Nf5+ gxf5 47. Rxh6
fxe4 48. Rxd6 exd3 49. Nxf4 exf4 50. Rxb6 Re8 51. d6 Bd7 52. Rb7 d2 53. Rxd7+
Kf8 0-1

[Event "Paracin 2023"]
[Site "Paracin, Serbia"]
[Date "2023.07.12"]
[Round "6.2"]
[White "Ivanisevic, Ivan"]
[Black "Itgelt, Khuyagtsogt"]
[Result "0-1"]
[WhiteElo "2536"]
[BlackElo "2321"]
[PlyCount "116"]
[EventDate "2023.??.??"]

1. d4 Nf6 2. Bg5 g6 3. Nd2 Bg7 4. c3 O-O 5. h4 h5 6. e4 d6 7. Bc4 c5 8. dxc5
dxc5 9. Ngf3 Nc6 10. Qe2 Qc7 11. Rd1 Ng4 12. Nb3 b6 13. O-O Bb7 14. g3 Rad8 15.
Rxd8 Qxd8 16. Rd1 Qc8 17. Nbd2 Kh8 18. Bf4 Na5 19. Ng5 Nxc4 20. Qxc4 Kg8 21.
Ndf3 e6 22. Rd6 Bf6 23. Qa4 Be7 24. Rd2 f6 25. Qd7 Qxd7 26. Rxd7 fxg5 27. hxg5
Bxe4 28. Nd2 Bxg5 29. Bxg5 Nxf2 30. Be3 Nh3+ 31. Kh2 Nf2 32. Kg1 Ng4 33. Bxc5
Nf6 34. Bxf8 Nxd7 35. Bd6 Bc6 36. c4 Kf7 37. b4 e5 38. b5 Bb7 39. Nb3 Be4 40.
Nd2 Bd3 41. Kf2 Ke6 42. Bc7 e4 43. Ke3 Nc5 44. Bb8 Kd7 45. Nb3 Kc8 46. Nxc5
Kxb8 47. Nd7+ Kc8 48. Ne5 g5 49. Kd4 h4 50. gxh4 gxh4 51. Ng4 h3 52. a4 Kc7 53.
Nh2 Kd6 54. Ng4 Ke6 55. Nh2 Kf5 56. c5 bxc5+ 57. Kxc5 Kf4 58. a5 e3 0-1

[Event "Paracin 2023"]
[Site "Paracin, Serbia"]
[Date "2023.07.12"]
[Round "6.3"]
[White "Pranesh, M."]
[Black "Spasic, Petar"]
[Result "1/2-1/2"]
[WhiteElo "2507"]
[BlackElo "2303"]
[PlyCount "70"]
[EventDate "2023.??.??"]

1. e4 c5 2. Nf3 Nc6 3. d4 cxd4 4. Nxd4 Nf6 5. Nc3 d6 6. Bg5 e6 7. Qd2 a6 8.
O-O-O Bd7 9. f3 Qc7 10. Kb1 b5 11. Nxc6 Bxc6 12. Bd3 Be7 13. g4 h6 14. Be3 Nd7
15. Qf2 Nc5 16. h4 Rc8 17. Ne2 Bb7 18. Nf4 g6 19. c3 Bf6 20. Bc2 Bg7 21. h5 g5
22. Ne2 Be5 23. Rhf1 b4 24. Bxc5 Qxc5 25. Qxc5 dxc5 26. cxb4 cxb4 27. Ba4+ Kf8
28. Rd7 Rc7 29. Rxc7 Bxc7 30. Rc1 Bb6 31. Bc6 Bc8 32. Be8 Bb7 33. Bc6 Bc8 34.
Be8 Bb7 35. Bc6 Bc8 1/2-1/2

[Event "Paracin 2023"]
[Site "Paracin, Serbia"]
[Date "2023.07.12"]
[Round "6.4"]
[White "Wen, Tommy"]
[Black "Bryakin, Mikhail"]
[Result "1/2-1/2"]
[WhiteElo "2406"]
[BlackElo "2454"]
[PlyCount "197"]
[EventDate "2023.??.??"]

1. e4 c5 2. Nf3 Nf6 3. Nc3 d5 4. exd5 Nxd5 5. Bb5+ Bd7 6. Ne5 Nf6 7. Qf3 Qc8 8.
Nxd7 Nbxd7 9. d3 e6 10. Bg5 Be7 11. O-O a6 12. Bxd7+ Qxd7 13. a4 h6 14. Bh4 O-O
15. a5 Rac8 16. Rfe1 Rfd8 17. Bg3 Nd5 18. Be5 Nb4 19. Qe2 Bd6 20. Bxd6 Qxd6 21.
Na4 Nd5 22. Nc3 Nxc3 23. bxc3 c4 24. d4 Qc7 25. Qe5 Rd5 26. Qxc7 Rxc7 27. f4
Kf8 28. Kf2 Ke7 29. Kf3 Kd6 30. Reb1 g5 31. fxg5 hxg5 32. Rb6+ Ke7 33. Rab1
Rxa5 34. Rxb7 Kd7 35. Rxc7+ Kxc7 36. Rb4 Ra2 37. Rxc4+ Kd6 38. g3 f5 39. h4 g4+
40. Kf4 Rxc2 41. h5 Rh2 42. Ra4 Rxh5 43. Rxa6+ Ke7 44. Ke5 Kf7 45. c4 Rh1 46.
Ra7+ Kg6 47. Kxe6 Re1+ 48. Kd6 Re3 49. c5 Rxg3 50. c6 Rc3 51. c7 f4 52. Ra6 f3
53. Rc6 Rxc6+ 54. Kxc6 f2 55. c8=Q f1=Q 56. Qxg4+ Kf6 57. Qh4+ Kf7 58. Qh5+ Kf8
59. Qc5+ Kf7 60. Qd5+ Kf8 61. Kc7 Qa1 62. Kd8 Kg7 63. Ke8 Kg6 64. Ke7 Qa7+ 65.
Qd7 Qa1 66. Qg4+ Kh6 67. d5 Qa7+ 68. Qd7 Qa1 69. Qe6+ Kg5 70. d6 Qg7+ 71. Kd8
Qh8+ 72. Qe8 Qa1 73. Qe7+ Kf5 74. Qf7+ Kg5 75. d7 Qh8+ 76. Ke7 Qe5+ 77. Kf8
Qb8+ 78. Kg7 Qe5+ 79. Kg8 Qd6 80. Kh8 Kh6 81. Qg7+ Kh5 82. Qh7+ Kg5 83. Qg8+
Kh6 84. Qg7+ Kh5 85. Qf7+ Kh6 86. Kg8 Qg3+ 87. Kf8 Qb8+ 88. Ke7 Qb4+ 89. Ke8
Qe4+ 90. Qe7 Qg6+ 91. Qf7 Qe4+ 92. Kf8 Qa8+ 93. Ke7 Qa3+ 94. Ke8 Qa4 95. Qe6+
Kg7 96. Qe7+ Kg8 97. Qg5+ Kh8 98. Qg6 Qxd7+ 99. Kxd7 1/2-1/2

[Event "Paracin 2023"]
[Site "Paracin, Serbia"]
[Date "2023.07.12"]
[Round "6.7"]
[White "Urazayev, Arystanbek"]
[Black "Aaditya, Dhingra"]
[Result "1-0"]
[WhiteElo "2427"]
[BlackElo "2144"]
[PlyCount "67"]
[EventDate "2023.??.??"]

1. e4 e5 2. Nf3 Nc6 3. Bb5 a6 4. Ba4 Nf6 5. O-O Nxe4 6. d4 b5 7. Bb3 d5 8. dxe5
Be6 9. c3 Be7 10. Bc2 O-O 11. Nbd2 Nxd2 12. Qxd2 Qd7 13. Re1 Rad8 14. Qd3 g6
15. Bh6 Bf5 16. Qd2 Rfe8 17. Rad1 Bxc2 18. Qxc2 Bf8 19. Qc1 Bxh6 20. Qxh6 Qe7
21. h4 Qf8 22. Qf4 Rd7 23. Qg4 Ree7 24. h5 Nd8 25. Nd4 Kh8 26. hxg6 fxg6 27. b4
Qe8 28. e6 Rd6 29. Re3 Nc6 30. Rde1 Nxd4 31. Qxd4+ Kg8 32. f4 Qf8 33. f5 Qxf5
34. Rf1 1-0

[Event "Paracin 2023"]
[Site "Paracin, Serbia"]
[Date "2023.07.12"]
[Round "6.8"]
[White "Arnaudov, G. Petar"]
[Black "Shahil, Dey"]
[Result "1/2-1/2"]
[WhiteElo "2450"]
[BlackElo "2333"]
[PlyCount "45"]
[EventDate "2023.??.??"]

1. d4 Nf6 2. Nf3 d5 3. c4 c6 4. cxd5 cxd5 5. Nc3 Nc6 6. Bf4 Bf5 7. e3 e6 8. Qb3
Bb4 9. Bb5 O-O 10. Bxc6 Bxc3+ 11. Qxc3 Rc8 12. Ne5 Ng4 13. Nxg4 Bxg4 14. Qa3
Rxc6 15. Qxa7 Qe7 16. O-O Qb4 17. Qa3 Qxa3 18. bxa3 Be2 19. Rfc1 Rfc8 20. Rxc6
Rxc6 21. h4 h5 22. Rb1 b5 23. Rb2 1/2-1/2

[Event "Paracin 2023"]
[Site "Paracin, Serbia"]
[Date "2023.07.12"]
[Round "6.9"]
[White "Damljanovic, Branko"]
[Black "Petrovic, Aleksa"]
[Result "1/2-1/2"]
[WhiteElo "2422"]
[BlackElo "2311"]
[PlyCount "104"]
[EventDate "2023.??.??"]

1. e4 c6 2. d3 d5 3. Nd2 Nd7 4. Ngf3 Qc7 5. Be2 dxe4 6. dxe4 e5 7. O-O Bc5 8.
Nb3 Bb6 9. Nfd2 Ngf6 10. Bf3 Qb8 11. Nc4 Bc7 12. a4 a5 13. Qd2 b6 14. Rd1 Ke7
15. Qg5 Kf8 16. Ne3 h6 17. Qh4 Ng8 18. Nf5 Ndf6 19. g4 Bxf5 20. exf5 e4 21. Bg2
Rh7 22. Nd2 e3 23. fxe3 Qe8 24. Nc4 g5 25. fxg6 fxg6 26. b3 g5 27. Qf2 Rf7 28.
Qe2 Qe6 29. h3 Kg7 30. Ba3 Nd5 31. Rf1 Ngf6 32. Rf5 b5 33. axb5 cxb5 34. Raf1
Rd8 35. Bxd5 Rxd5 36. Rxf6 Rxf6 37. Bb2 Bd8 38. Nxa5 Re5 39. Bxe5 Qxe5 40. Rxf6
Bxf6 41. Kg2 Qe4+ 42. Kf2 Bc3 43. Qxb5 Qxc2+ 44. Kf3 Qd1+ 45. Ke4 Qh1+ 46. Kf5
Qf3+ 47. Ke6 Qf7+ 48. Kd6 Bb4+ 49. Kc6 Qe8+ 50. Kb6 Qd8+ 51. Ka6 Qa8+ 52. Kb6
Qd8+ 1/2-1/2

[Event "Paracin 2023"]
[Site "Paracin, Serbia"]
[Date "2023.07.12"]
[Round "6.10"]
[White "Mitsis, Georgios"]
[Black "Ristic, Nenad"]
[Result "1/2-1/2"]
[WhiteElo "2412"]
[BlackElo "2248"]
[PlyCount "41"]
[EventDate "2023.??.??"]

1. d4 Nf6 2. Nf3 g6 3. c4 Bg7 4. Nc3 d5 5. cxd5 Nxd5 6. e4 Nxc3 7. bxc3 c5 8.
Bb5+ Nc6 9. O-O O-O 10. Bxc6 bxc6 11. Qc2 Qa5 12. a4 Ba6 13. Re1 cxd4 14. cxd4
Bxd4 15. Bd2 Qc5 16. Nxd4 Qxd4 17. Qxc6 Qxd2 18. Qxa6 Rfd8 19. a5 Qd6 20. Qe2
Qd3 21. Qxd3 1/2-1/2

[Event "Paracin 2023"]
[Site "Paracin, Serbia"]
[Date "2023.07.12"]
[Round "6.11"]
[White "Djordjevic, Vuk"]
[Black "Zhukov, Anton"]
[Result "1/2-1/2"]
[WhiteElo "2385"]
[BlackElo "2215"]
[PlyCount "100"]
[EventDate "2023.??.??"]

1. d4 Nf6 2. Bg5 d5 3. Bxf6 gxf6 4. e3 c5 5. dxc5 e6 6. Nf3 Bxc5 7. c4 dxc4 8.
Nbd2 c3 9. bxc3 Nd7 10. Be2 Be7 11. O-O O-O 12. Nd4 Nc5 13. f4 Kh8 14. Rb1 Rg8
15. Bf3 e5 16. fxe5 fxe5 17. N4b3 Qd3 18. Qe2 Qxe2 19. Bxe2 Nxb3 20. axb3 Be6
21. Bc4 Bxc4 22. bxc4 Bc5 23. Rbe1 Kg7 24. Ne4 Be7 25. Ng3 Kf8 26. Rd1 Rd8 27.
Nf5 Rxd1 28. Rxd1 Ke8 29. h3 f6 30. Kf2 b6 31. Ra1 a5 32. Nxe7 Kxe7 33. c5 bxc5
34. Rxa5 Kd6 35. e4 Rb8 36. Ra6+ Ke7 37. Rc6 Rb5 38. Kg3 Kf7 39. Kf3 Kg6 40. g4
Ra5 41. h4 h6 42. Kg3 Ra1 43. Rxc5 Rg1+ 44. Kf3 Rh1 45. Kg3 Rg1+ 46. Kf3 Rh1
47. Rc8 Rxh4 48. Kg3 Rh1 49. c4 Rc1 50. Rg8+ Kf7 1/2-1/2

[Event "Paracin 2023"]
[Site "Paracin, Serbia"]
[Date "2023.07.12"]
[Round "6.12"]
[White "Miletic, Vuk"]
[Black "Damjanovic, Vuk"]
[Result "0-1"]
[WhiteElo "2234"]
[BlackElo "2376"]
[PlyCount "120"]
[EventDate "2023.??.??"]

1. d4 d6 2. e4 Nf6 3. Nc3 e5 4. Nf3 Nbd7 5. Bc4 Be7 6. O-O O-O 7. Re1 c6 8. a4
h6 9. Ba2 Re8 10. h3 Qc7 11. Be3 Nf8 12. Qd3 Ng6 13. a5 Bf8 14. Bb3 exd4 15.
Nxd4 Ne5 16. Qf1 Ned7 17. Bf4 Nc5 18. f3 b5 19. axb6 Qxb6 20. Qf2 Nxb3 21. Nxb3
Be6 22. Qxb6 axb6 23. Nd4 Bd7 24. Rxa8 Rxa8 25. Rd1 b5 26. Nb3 b4 27. Ne2 d5
28. Be5 Be6 29. Nf4 Nd7 30. exd5 Bf5 31. Nd4 Bc5 32. Kh1 Bxd4 33. Bxd4 c5 34.
g4 Bh7 35. Bf2 Bxc2 36. Rc1 b3 37. Be1 Ne5 38. Kg2 Nc4 39. Bc3 Ne3+ 40. Kg3 Nd1
41. Rxd1 Bxd1 42. Nd3 Rd8 43. Nf4 f6 44. h4 Kf7 45. h5 Bc2 46. Kf2 Rd7 47. Ke2
Ra7 48. Ne6 Rd7 49. Nf4 Ke7 50. Kd2 Kd6 51. Ba5 Ra7 52. Bc3 Rf7 53. Ke3 f5 54.
Ne6 Kxd5 55. Nxg7 fxg4 56. fxg4 Bd1 57. Nf5 Bxg4 58. Nxh6 Rf3+ 59. Kd2 Be6 60.
Bg7 Ke4 0-1

[Event "Paracin 2023"]
[Site "Paracin, Serbia"]
[Date "2023.07.12"]
[Round "6.13"]
[White "Sudarshan, Bhat"]
[Black "Efremov, Vladislav"]
[Result "0-1"]
[WhiteElo "1988"]
[BlackElo "2356"]
[PlyCount "129"]
[EventDate "2023.??.??"]

1. e4 c5 2. c3 d5 3. exd5 Qxd5 4. d4 e6 5. Nf3 Nf6 6. Na3 Nc6 7. Be3 cxd4 8.
Nb5 Qd8 9. Nbxd4 Nd5 10. Nxc6 bxc6 11. Bd2 Bd6 12. c4 Ne7 13. Bc3 f6 14. Qc2 e5
15. O-O-O Bf5 16. Bd3 Bxd3 17. Qxd3 Bc5 18. Qxd8+ Rxd8 19. Ba5 Rxd1+ 20. Rxd1
Kf7 21. Be1 Ke6 22. b4 Bb6 23. Kc2 h5 24. a4 a6 25. a5 Ba7 26. Kb3 g5 27. c5
Bb8 28. Bc3 h4 29. h3 Nd5 30. Nd2 Nf4 31. Rg1 Rd8 32. Ne4 Kf5 33. f3 Ke6 34.
Bd2 Nd5 35. Re1 Bc7 36. Re2 Rd7 37. Nc3 Ne7 38. Na4 Nf5 39. Bc3 Ng3 40. Re1 Nh5
41. Nb6 Rd8 42. Kc2 Nf4 43. Rg1 f5 44. Bd2 Rd4 45. Bxf4 Rxf4 46. Kc3 e4 47.
fxe4 Be5+ 48. Kb3 Rxe4 49. Nc4 g4 50. hxg4 fxg4 51. Rh1 Bg3 52. Nd2 Re2 53. Nf1
Rxg2 54. Ne3 Re2 55. Nxg4 Kf5 56. Nh6+ Kg6 57. b5 cxb5 58. c6 Kxh6 59. c7 Bxc7
60. Rxh4+ Kg5 61. Rd4 Re6 62. Kb4 Bd6+ 63. Kb3 Kf5 64. Rh4 Bc7 65. Rh5+ 0-1

[Event "Paracin 2023"]
[Site "Paracin, Serbia"]
[Date "2023.07.12"]
[Round "6.14"]
[White "Ajay, Karthikeyan"]
[Black "Beukes, Dante M"]
[Result "1/2-1/2"]
[WhiteElo "2441"]
[BlackElo "2180"]
[PlyCount "107"]
[EventDate "2023.??.??"]

1. d4 d5 2. c4 e6 3. Nc3 Nf6 4. cxd5 exd5 5. Bg5 c6 6. e3 h6 7. Bh4 Be7 8. Bd3
O-O 9. Qc2 Re8 10. Nge2 Nbd7 11. O-O a5 12. f3 b5 13. Bf2 Ba6 14. Ng3 Bf8 15.
Rac1 Qb8 16. e4 b4 17. Nce2 dxe4 18. fxe4 Bxd3 19. Qxd3 c5 20. e5 Nd5 21. Qf3
N5b6 22. Be3 cxd4 23. Qxf7+ Kh8 24. Bxd4 Nxe5 25. Bxe5 Qxe5 26. Nf4 Qd4+ 27.
Kh1 Qd7 28. Qg6 Nd5 29. Nxd5 Qxd5 30. Rc7 Re7 31. Rc2 Re6 32. Qg4 Bd6 33. Nh5
Qe5 34. Ng3 Rf8 35. Rxf8+ Bxf8 36. Re2 Rc6 37. h4 Qf6 38. Kh2 Be7 39. Kh3 Rd6
40. Nf5 Rd3+ 41. g3 Bf8 42. h5 Rd8 43. Nh4 Qf1+ 44. Kh2 Bc5 45. Rg2 Rd1 46.
Qc8+ Kh7 47. Qf5+ Qxf5 48. Nxf5 g6 49. hxg6+ Kxg6 50. Nh4+ Kf6 51. Rc2 Rd5 52.
Nf3 Kf5 53. Rc4 Bd6 54. Kg2 1/2-1/2

[Event "Paracin 2023"]
[Site "Paracin, Serbia"]
[Date "2023.07.12"]
[Round "6.15"]
[White "Harshad, S."]
[Black "Tsvetkov, Andrey"]
[Result "0-1"]
[WhiteElo "2222"]
[BlackElo "2412"]
[PlyCount "68"]
[EventDate "2023.??.??"]

1. e4 e5 2. Nf3 Nc6 3. Bb5 a6 4. Ba4 Bc5 5. c3 Nge7 6. O-O Ng6 7. d4 Ba7 8. Bg5
f6 9. Be3 O-O 10. Nbd2 d6 11. Re1 Kh8 12. h3 exd4 13. cxd4 Nce7 14. Nf1 c6 15.
Ng3 Be6 16. Bc2 Qd7 17. a4 d5 18. e5 fxe5 19. dxe5 Bxe3 20. Rxe3 c5 21. Ng5 d4
22. Re1 Bg8 23. Be4 Rad8 24. b3 h6 25. Nf3 Nf4 26. Rc1 b6 27. Nd2 Ned5 28. Nc4
Nc3 29. Qc2 Bxc4 30. bxc4 Qxa4 31. Qxa4 Nxa4 32. Bc6 d3 33. e6 d2 34. e7 Nd3
0-1

[Event "Paracin 2023"]
[Site "Paracin, Serbia"]
[Date "2023.07.12"]
[Round "6.16"]
[White "Afanasiev, Vadim"]
[Black "Perunovic, Miodrag"]
[Result "1/2-1/2"]
[WhiteElo "2213"]
[BlackElo "2405"]
[PlyCount "132"]
[EventDate "2023.??.??"]

1. d4 Nf6 2. c4 e6 3. g3 d5 4. Bg2 Nc6 5. Nf3 dxc4 6. Qa4 Bb4+ 7. Bd2 Bd6 8.
Qxc4 O-O 9. O-O e5 10. dxe5 Nxe5 11. Nxe5 Bxe5 12. Qc2 c6 13. Na3 Be6 14. Rad1
Qe7 15. Nc4 Qc5 16. b3 Bc7 17. Bc3 Ng4 18. Qb2 Rfd8 19. Bd4 Qg5 20. h3 Nh6 21.
Be5 Bxe5 22. Qxe5 Qe7 23. g4 Rd7 24. Rxd7 Qxd7 25. Ne3 Re8 26. Rd1 Qc8 27. Qa5
Qb8 28. Qc5 f6 29. b4 Bxa2 30. Ra1 Be6 31. Rxa7 Nf7 32. b5 Ne5 33. Qb6 Qc8 34.
Qxb7 Qxb7 35. Rxb7 cxb5 36. Rxb5 Nc4 37. Nc2 Bf7 38. Nd4 Ne5 39. e3 g6 40. Kh2
Re7 41. Kg3 Kg7 42. h4 Be8 43. Rb6 Bd7 44. g5 fxg5 45. hxg5 Nf7 46. Kf4 Ne5 47.
Rb7 Kf8 48. Bd5 Nd3+ 49. Kg3 Nc5 50. Rc7 Na6 51. Ra7 Nc5 52. e4 Be8 53. Rxe7
Kxe7 54. f3 Bd7 55. Kf4 Nd3+ 56. Ke3 Ne5 57. f4 Ng4+ 58. Kf3 h6 59. gxh6 Nxh6
60. Kg3 Ng4 61. Bb3 Kf6 62. Bd1 Ne5 63. Nb3 Nf7 64. Nc5 Bc8 65. Bc2 g5 66. f5
Nh6 1/2-1/2

[Event "Paracin 2023"]
[Site "Paracin, Serbia"]
[Date "2023.07.12"]
[Round "6.17"]
[White "Vignesh, B."]
[Black "Dvalishvili, Pavel S."]
[Result "1/2-1/2"]
[WhiteElo "2197"]
[BlackElo "2394"]
[PlyCount "68"]
[EventDate "2023.??.??"]

1. e4 Nf6 2. e5 Nd5 3. Nc3 Nxc3 4. dxc3 d6 5. Nf3 Nc6 6. exd6 Qxd6 7. Nd4 e5 8.
Nxc6 Qxc6 9. Be3 Be6 10. f3 Bc5 11. Qd2 Rd8 12. Bd3 O-O 13. Bxc5 Qxc5 14. Qf2
Qxf2+ 15. Kxf2 f6 16. Rhe1 Kf7 17. a3 b6 18. Rad1 Rd6 19. g4 Rfd8 20. h4 c5 21.
Ke3 g6 22. Be2 Rxd1 23. Rxd1 Rxd1 24. Bxd1 h6 25. Be2 Ke7 26. c4 f5 27. c3 Kf6
28. b4 Bc8 29. Bd1 f4+ 30. Kf2 g5 31. h5 e4 32. fxe4 Ke5 33. Kf3 Bd7 34. Be2
Bc6 1/2-1/2

[Event "Paracin 2023"]
[Site "Paracin, Serbia"]
[Date "2023.07.12"]
[Round "6.18"]
[White "Yatzenko, Anton"]
[Black "Wu, Yang"]
[Result "1/2-1/2"]
[WhiteElo "2335"]
[BlackElo "2208"]
[PlyCount "117"]
[EventDate "2023.??.??"]

1. Nf3 g6 2. e4 Bg7 3. d4 d6 4. Bc4 a6 5. O-O b5 6. Bb3 e6 7. Re1 Ne7 8. a4
bxa4 9. Bxa4+ Nd7 10. Nbd2 O-O 11. Nf1 Nb6 12. Bb3 e5 13. dxe5 dxe5 14. Be3 Nc6
15. Bc5 Re8 16. Ne3 Nd7 17. Ba3 Nd4 18. Ba2 Bb7 19. c3 Ne6 20. Qc2 Nb6 21. Rad1
Qf6 22. Nd5 Nxd5 23. Bxd5 Bxd5 24. Rxd5 Nf4 25. Rd7 Qc6 26. Red1 Bf6 27. Qb3
Re6 28. Qc2 Ree8 29. g3 Qe6 30. Ne1 Nh3+ 31. Kh1 Rad8 32. Rxd8 Rxd8 33. Rxd8+
Bxd8 34. Kg2 Ng5 35. Qd3 Bf6 36. h4 Qh3+ 37. Kg1 Ne6 38. Qxa6 Qg4 39. Qa8+ Bd8
40. Kf1 Qh3+ 41. Ke2 Kg7 42. Kd2 Qf1 43. Nd3 g5 44. h5 g4 45. Qd5 Bf6 46. h6+
Kxh6 47. Nxe5 Qxf2+ 48. Kc1 Bxe5 49. Qxe5 c5 50. Qf5 Qe1+ 51. Kc2 Qe2+ 52. Kb1
Kg7 53. Ka2 Qc4+ 54. Ka1 Qe2 55. Qe5+ Kg6 56. Qf5+ Kg7 57. c4 Nd4 58. Qg5+ Kh8
59. Qf6+ 1/2-1/2

[Event "Paracin 2023"]
[Site "Paracin, Serbia"]
[Date "2023.07.12"]
[Round "6.19"]
[White "Becker, Marcel"]
[Black "Kulnev, Aleksandr"]
[Result "1-0"]
[WhiteElo "2323"]
[BlackElo "2017"]
[PlyCount "119"]
[EventDate "2023.??.??"]

1. d4 Nf6 2. c4 g6 3. Nc3 d5 4. Bg5 Ne4 5. Bh4 c5 6. cxd5 Nxc3 7. bxc3 Qxd5 8.
e3 Nc6 9. Qf3 Qf5 10. Bb5 Bd7 11. Qxf5 gxf5 12. Nf3 e6 13. O-O cxd4 14. exd4
Bd6 15. Rfd1 Nb8 16. Rab1 O-O 17. d5 e5 18. Bf1 b6 19. Bf6 Re8 20. Re1 e4 21.
Nd4 h6 22. Nb5 Bxb5 23. Bxb5 Rc8 24. g4 a6 25. Bf1 Nd7 26. Bd4 Ne5 27. Bxe5
Bxe5 28. c4 Bd4 29. gxf5 Re8 30. Rbd1 Bc5 31. Bg2 e3 32. fxe3 Rxe3 33. Rxe3
Bxe3+ 34. Kh1 Rd8 35. d6 Kg7 36. Bb7 a5 37. d7 Kf6 38. Rd5 Bc5 39. Bc6 Be7 40.
Kg2 Rg8+ 41. Kf3 Bd8 42. Rd6+ Kxf5 43. Rxh6 Ke5 44. Bd5 Rf8 45. Rc6 Rh8 46. Kg2
Rg8+ 47. Kh1 Rf8 48. a4 Kf4 49. Kg2 Rg8+ 50. Kf2 Rh8 51. Bxf7 Rxh2+ 52. Kg1 Rd2
53. Bd5 Bh4 54. Rc8 Rd1+ 55. Kg2 Ra1 56. Bc6 Rd1 57. Rf8+ Ke5 58. Re8+ Kf5 59.
Be4+ Kf4 60. Bd5 1-0

[Event "Paracin 2023"]
[Site "Paracin, Serbia"]
[Date "2023.07.12"]
[Round "6.20"]
[White "Nurgali, Nazerke"]
[Black "Shoshin, Kirill"]
[Result "1-0"]
[WhiteElo "2192"]
[BlackElo "2314"]
[PlyCount "77"]
[EventDate "2023.??.??"]

1. d4 Nf6 2. Nf3 e6 3. Bf4 c5 4. c3 Nc6 5. e3 h6 6. h3 d5 7. Nbd2 Bd6 8. Bxd6
Qxd6 9. Bb5 O-O 10. O-O a6 11. Bxc6 bxc6 12. Qa4 c4 13. b3 cxb3 14. axb3 Nd7
15. Qa3 Qb8 16. c4 e5 17. dxe5 Nxe5 18. cxd5 cxd5 19. Nxe5 Qxe5 20. Nf3 Qh5 21.
Nd4 Qg6 22. Kh2 Rb8 23. Rac1 Bd7 24. Rc7 Rfd8 25. Rfc1 Qf6 26. R7c2 Qe5+ 27.
Kg1 Qg5 28. Kh1 Rb6 29. Qa5 Rg6 30. f4 Qe7 31. Qxd5 Bxh3 32. Nc6 Qxe3 33. Qxd8+
Kh7 34. Rg1 Bxg2+ 35. Rgxg2 Qh3+ 36. Kg1 Qe3+ 37. Rcf2 Rxc6 38. Qf8 Rg6 39.
Qxf7 1-0